Регионална библиотека "Любен Каравелов" - Русе

Изолатор (Запис номер 76435)

MARC детайли
000 -Лидер
Контролно поле с фиксирана дължина 01242nam a2200337 c 4500
003 - Код на организацията, давaща контролен номер
Контролно поле BLK
005 - Дата и час на последна редакция
Контролно поле 20241002112357.0
008 - Елементи от данни с фиксирана дължина
fixed length control field 180408b bul|||||r ||||||| ||bul||
010 ## - Наследен системен номер
LC control number KNG00080867000
020 ## - Международен стандартен номер на книга ISBN
Международен стандартен номер на книга ISBN 978-954-761-290-7
-- издат.: ИнфоДар
040 ## - Източник на каталожния запис
Идентификатор на билиотеката - собственик на записа BLK
041 ## - Код за език
Код за езика на текст/звукозапис или на отделно заглавие Български
Код за езика КДБФ Български
080 ## - УДК
Текстов определител УДК Американска литература (на САЩ)
УДК код - определител по УДК 821.111(73)
УДК определител -312.4
УДК - код + определител 821.111(73)-312.4
100 1# - Редна дума - Автор
Автор Спеноугъл, Джошуа
Авторска отговорност първи автор
R(LIN) 122660
139 ## - Редно поле
Редна дума Спеноугъл, Джошуа
Авторски знак Спе - С 56
245 10 - Сведения за заглавието
Заглавие Изолатор
Подзаглавни данни Роман
Редно поле (дума) Джошуа Спеноугъл; прев. от англ. Никола Костов.
257 ## - Страна на издаване
Страна на създаване/издаване Съединени американски щати
260 ## - Област на издателските данни
-- София
Име на издателя, разпространителя и проч. ИнфоДар
Година на издаване 2007
300 ## - Физическа характеристика
Страници 730 с.
Размери/Мащаб 20 см
380 ## - Жанр
Жанр Худож. лит.
490 1# - СЕРИИ (Колекции)
Име на серия Криминални досиета
500 ## - Общи забележки
Забележка Ориг. загл. Isolation Ward / Joshua Spanogle. - Офс. изд.
653 ## - Ключова дума – ненормативна
Ключова дума трилъри
700 1# - Други автори (авторска отговорност)
Лично име Костов, Никола
Автороска отговорност (Описва отношението между автора и произведението) прев. от англ.
9 (RLIN) 369275
852 ## - Местоположение
Форматна сигнатура Цб 238008
856 4# - Електронен адрес и достъп
Електронен формат pdf - файл
Път до файла /url/
856 4# - Електронен адрес и достъп
Електронен формат pdf - файл
Път до файла /url/
942 ## - АРТИКУЛИ
Вид на библиотечния материал Книги
Скрит в OPAC Не
Koha issues (borrowed), all copies 5
944 ## - СЪЗДАВАНЕ И РЕДАКЦИЯ на ЗАПИСА
Създаване/Редакция Създаване
Дата на регистрацията/редакция 28.01.2008
Служител, извършил регистрацията/редакцията 30564
Статус, дата на статуса Галина Якимова
944 ## - СЪЗДАВАНЕ И РЕДАКЦИЯ на ЗАПИСА
Създаване/Редакция Редакция
Дата на регистрацията/редакция 26.05.2008
Служител, извършил регистрацията/редакцията
999 ## - СИСТЕМНИ КОНТРОЛНИ НОМЕРА
Koha biblionumber 76435
Koha biblioitemnumber 76435
Наличности
Код за отписване Код за изгубен артикул Код за повреда Коз за рестрикции Код за отдаване Артикулен № Име на библиотеката - собственик Име на библиотеката, в която се намира в момента Статус (Текущо местоположение) Дата на вписване в системата Местоположение - отдел Цена в лева Инвентарен номер Систематично азбучна сигнатура Баркод Номер на екземпляра Цена в евро Служебна бележка Служебен тип на артикула Източник на класификационната схема
Изтеглен Не е изгубен Не е повреден без рестрикции заемане за дома 124155 Регионална библиотека "Любен Каравелов" Русе Регионална библиотека "Любен Каравелов" Русе Заемна - подръчен фонд 2008-01-29 Заемна - подръчен фонд 17.00 120000722645 П 820(73)-31/С 56 120000722645 1 8.69 Дост: Pk Вид: Ф N: 166 Дата: 28.01.2008 Дата инв: 15.02.2018 Бележки инв: П2018 Книги  
  Не е изгубен Не е повреден без рестрикции заемане за дома 124156 Регионална библиотека "Любен Каравелов" Русе Регионална библиотека "Любен Каравелов" Русе Заемна - подръчен фонд 2008-05-21 Заемна - подръчен фонд 17.00 120000726505 П 820(73)-31/С 56 120000726505 2 8.69 Дост: Pk Вид: Ф N: 3681 Дата: 15.05.2008 Дата инв: 16.02.2018 Бележки инв: П2018 Книги Universal Decimal Classification
Vip Innovations Ltd, Rousse, Bulgaria 2025